| 000 | 00737nam a2200205 i 4500 | ||
|---|---|---|---|
| 001 | 56896 | ||
| 003 | ES-MaACL | ||
| 005 | 20240529062941.0 | ||
| 007 | t| | ||
| 008 | 180524s1919 sp |||| | spa d | ||
| 100 | 1 |
_aVega, Lope de, _d1562-1635 _9113563 |
|
| 245 | 1 | 0 |
_aTeatro. _nI, _pPeribáñez y el comendador de Ocaña ; La estrella de Sevilla ; El castigo sin venganza ; La dama boba / _cLope de Vega ; prólogo de Alfonso Reyes. |
| 260 |
_aMadrid : _bSaturnino Calleja, _c1919. |
||
| 300 |
_a346 p. ; _c15 cm. |
||
| 490 | 1 |
_aBiblioteca Calleja. _aPrimera serie |
|
| 700 | 1 |
_aReyes, Alfonso, _d1889-1959 _996554 |
|
| 830 | 0 |
_aBiblioteca Calleja. _aPrimera serie _9230410 |
|
| 852 |
_aES-MaACL _jF-13999 |
||
| 999 |
_c56896 _d56896 |
||